• 首页
  • 本馆介绍
  • 公告通知
  • 最新文献
  • 馆藏检索
  • 电子资源
  • 读者导购
  • 参考咨询
  • 我的图书馆
  • 登录
  • 详细信息显示
  • 放入我的书架
  • 预约/预借图书
  • 作者相关作品
  • 分类相关作品
  • 丛书相关作品
  • 出版社相关作品

书目信息

  • 表格格式
  • 工作单格式
  • 卡片格式
题名:
工业管理课程的参考资料
    
 
作者:
分册:  
出版信息:    
页数: 62页
开本: 19cm
丛书名:
单 册:
中图分类: F420
科图分类:
主题词: 工业经济--中国
电子资源:
ISBN:
000 00695nam0 2200193 45
001 0404291622
005 20040429162506.5
010    @dCNY
100    @a20040429d km y0chiy0120 ea
101 0  @achi
105    @a z 000yy
200 1  @a工业管理课程的参考资料@AGong Ye Guan Li Ke Cheng De Can Kao Zi Liao@e中国社会主义建设现阶段的基本问题@EZhong Guo She Hui Zhu Yi Jian She Xian Jie Duan De Ji Ben Wen Ti
215    @a62页@d19cm
300    @a工业经济函授业校专修班用
517    @a中国社会主义建设现阶段的基本问题@AZhong Guo She Hui Zhu Yi Jian She Xian Jie Duan De Ji Ben Wen Ti
606 0  @a工业经济@x中国
690    @aF420@v3
801    @aCN@bPftUser@c20040429
905    @f1@b17994@dF420@e1
    
    工业管理课程的参考资料:中国社会主义建设现阶段的基本问题
    62页;19cm
    工业经济函授业校专修班用
    
    ISBN :CNY
    
●
相关链接 在E读中查询图书 在五车中查询图书 在当当中查询图书 在豆瓣中查询图书


正题名:工业管理课程的参考资料     索取号:F420/1         预约/预借

序号 登录号 条形码 馆藏地/架位号 状态 备注
1 0017994   000209679   第一样本阅览室/ [索取号:F420/1] 在馆    
唐山师范学院图书馆 欢迎您!
大连网信软件有限公司© 版权所有